00746nam a22002177a 450000500170000001000150001702000260003203500130005803700130007108200130008410000170009724501430011426000430025727000590030030000250035950000200038465000380040465000410044265000240048370000210050720150903111844.0 aENG-113451 c725.00a9788175349919 aEN-96983 bDBAD/PUB a345.0954 aNalwa, Suman aLaw relating to dowry, dowry death, cruelty to women & domestic violence /cby Suman Nalwa [and] Hari Dev Kohli ; foreworded by A.S. Anand aDelhi bUniversal Law Publishingc2011 aA-58, G.T. Karnal Road Industrial Area,bDelhie110033 alxii,623p.c25cm(Hb) aIncludes index  a Women xCrimes against z India. aDowry zIndia xCriminal provisions. a Uxoricidez India. aKohli, Hari Dev